Municipalities of Chihuahua - with a map - Statistics

General Stats
  • This quiz has been taken 41 times
    39 since last reset
  • The average score is 26 of 67
Answers on the Map
Answers color-coded by a green-red scale on the quiz's map according to % correct below.
 
Answer Stats
Municipalities % Correct
Juárez
95%
Chihuahua
84%
Guadalupe
79%
Delicias
74%
Jiménez
74%
Ojinaga
74%
Camargo
68%
Janos
68%
Ascensión
63%
Guadalupe y Calvo
63%
Nuevo Casas Grandes
63%
Batopilas de Manuel Gómez Morín
58%
Cuauhtémoc
58%
Guachochi
58%
Madera
58%
Manuel Benavides
58%
Meoqui
58%
Urique
53%
Aldama
47%
Casas Grandes
47%
Guerrero
47%
Hidalgo del Parral
47%
Matachi
47%
Santa Bárbara
47%
Praxedis G. Guerrero
42%
Ahumada
37%
Allende
37%
Julimes
37%
Moris
37%
Riva Palacio
37%
Saucillo
37%
Aquiles Serdán
32%
Bocoyna
32%
Buenaventura
32%
Coyame del Sotol
32%
Galeana
32%
Rosales
32%
Bachíniva
26%
Dr. Belisario Domínguez
26%
Guazapares
26%
La Cruz
26%
Namiquipa
26%
Nonoava
26%
San Francisco de Conchos
26%
Satevo
26%
Temósachic
26%
Uruachi
26%
Balleza
21%
Chinipas
21%
Coronado
21%
Cusihuiriachi
21%
Gran Morelos
21%
Huejotitán
21%
López
21%
Morelos
21%
Ocampo
21%
Rosario
21%
San Francisco de Borja
21%
San Francisco del Oro
21%
Santa Isabel
21%
Valle de Zaragoza
21%
Carichí
16%
El Tule
16%
Gómez Farías
16%
Maguarichi
16%
Matamoros
16%
Ignacio Zaragoza
11%
No matching quizzes found
Score Distribution
Percent of People with Each Score
Percentile by Number Answered
Your Score History
You have not taken this quiz since the last reset